Word Ladder: Use the Previous Rung Quiz Stats

 Plays Quiz Updated Sep 11, 2021

Support Sporcle.
Go Orange.
Score 0/18 Timer 04:00
0 Plays Today
Hints    ([PR] = Previous Rung) Answers % Correct
This is the first ___ of the ladder, or the highest, depending on
your interpretation of 'ladder.'
STEP
83.6%
Go with the ___, and you'll think that the time [PR] by.FLOW
83.4%
When you stretch a balloon first, the air will [PR] more easily when you start to ___.BLOW
82.2%
A [PR] of geese ___ over us; there certainly were hundreds of them.FLEW
81.8%
The skier put her ___ into the ski [PR].FOOT
76.3%
A newly discovered [PR] on his past made his employer give him the ___.BOOT
73.9%
You're a ___ if you agree to [PR] the bill before your friends decide
what they are ordering at the restaurant.
FOOL
73.6%
A torn sheet of aluminum [PR] will ___ to cover your leftover food properly.FAIL
69.1%
The ___ spilled on the floor, and I had to [PR] over the meat, carrots and potatoes.STEW
69%
Hints    ([PR] = Previous Rung) Answers % Correct
If you [PR] this quiz, just ___ it out of your mind afterwards.BLOT
68.9%
If you [PR] around during practice, you might ___ the team's goal
of improving each week.
FOIL
68.2%
The private detective considered it a ___ order to try to [PR] the suspect
in broad daylight.
TALL
65.4%
By winning a championship, she ___ her demons, and no longer needed
to [PR] over her failures.
SLEW
65.3%
You must fix the ___ light, or the car will [PR] the inspection.TAIL
65.2%
The slope of the ___ made it difficult for the farmer to [PR] the land.HILL
61.5%
Kids are not allowed on some carnival rides ___ they are [PR] enough.TILL
59.1%
Arthritis made it even harder for the old commander, who knew he was
over the [PR], to grasp the ___ of his sword.
HILT
54.3%
You've played this game to the [PR] if you can 'take a ___,' and solve the
final one of this word ladder, before time runs out.
HINT
46.2%

Today's Daily Dose

Missing Word
'80s Musicals

Word Ladder
Hereditary

Get the Picture
Food Names

From the Vault

Click the Niger River Countries

by PrincessMartell

Geography 30s
Because other rivers are too mainstream.
Remove Ads.
Support Sporcle.
Get the best of Sporcle when you Go Orange. This ad-free experience offers more features, more stats, and more fun while also helping to support Sporcle. Thank you for becoming a member.

Show Comments

Extras

Top Quizzes Today


Score Distribution

Your Account Isn't Verified!

In order to create a playlist on Sporcle, you need to verify the email address you used during registration. Go to your Sporcle Settings to finish the process.

Report this User

Report this user for behavior that violates our Community Guidelines.

Details: